DEFRA publishes review of origin of BSE (Record no. 67761)
[ view plain ]
| 000 -LEADER | |
|---|---|
| fixed length control field | 00815cam a2200193 4500 |
| 001 - CONTROL NUMBER | |
| control field | WB3729-32 |
| 008 - FIXED-LENGTH DATA ELEMENTS--GENERAL INFORMATION | |
| fixed length control field | 010724n2001 000 0 eng u |
| 035 ## - SYSTEM CONTROL NUMBER | |
| System control number | (Sirsi) u113732 |
| 245 ## - TITLE STATEMENT | |
| Title | DEFRA publishes review of origin of BSE |
| 260 ## - PUBLICATION, DISTRIBUTION, ETC. | |
| Date of publication, distribution, etc. | 2001 |
| 490 ## - SERIES STATEMENT | |
| Series statement | DEFRA News Release |
| Volume/sequential designation | (57/01) 19 July 2001, (1) |
| 520 ## - SUMMARY, ETC. | |
| Summary, etc. | Independent Review of Origin of BSE published by Secretary of State for Environment, Food and Rural Affairs. Findings agree with many other reports into BSE but add the possibility that an unmodified scrapie agent may have been the cause of the disease. A copy of the review can be found at: http://www.defra.gov.uk/animalh/bse/bseorigin.pdf |
| 590 ## - LOCAL NOTE (RLIN) | |
| Local note | WB |
| 650 ## - SUBJECT ADDED ENTRY--TOPICAL TERM | |
| Topical term or geographic name entry element | BSE |
| 650 ## - SUBJECT ADDED ENTRY--TOPICAL TERM | |
| Topical term or geographic name entry element | BSE INQUIRY |
| 650 ## - SUBJECT ADDED ENTRY--TOPICAL TERM | |
| Topical term or geographic name entry element | SCRAPIE |
| 690 ## - LOCAL SUBJECT ADDED ENTRY--TOPICAL TERM (OCLC, RLIN) | |
| Topical term or geographic name as entry element | RURAL-AGRICULTURE AND FORESTRY |
| 942 ## - ADDED ENTRY ELEMENTS (KOHA) | |
| Suppress in OPAC | 0 |
| Withdrawn status | Lost status | Source of classification or shelving scheme | Damaged status | Not for loan | Home library | Current library | Shelving location | Date acquired | Total Checkouts | Full call number | Barcode | Date last seen | Copy number | Price effective from | Koha item type |
|---|---|---|---|---|---|---|---|---|---|---|---|---|---|---|---|
| Dewey Decimal Classification | London | London | News article | 24/07/2001 | WB3729-32 | 113732-1001 | 06/08/2019 | 1 | 06/08/2019 | News article |